000 00382nam a2200121Ia 4500
008 231129s9999||||xx |||||||||||||| ||spa||
020 _a958-602-334-6
082 _a158.4 J34c
100 _aJanner G.
245 0 _aCómo presentar con éxito nuestras ideas a los demás
264 _aBogotá Colombia : Cí­rculo de Lectores
942 _2ddc
_cBKS
999 _c7655
_d7655